00659nam a2200181 i 450000100060000000300090000600500170001500700030003200800410003510000390007624500750011526000740019030000200026465000310028485200250031599900170034095201200035784305ES-MaACL20250926063050.0t|041122s1901 xxk ||||1| eng d1 aJames, William, d1842-191096597814aThe principles of Psychologie b: in two volumes / cby William James. aLondon : bMacmillan and Cº, c1901 (eNew York : fRobert Drummond) a2 v. ; c23 cm.07aPsicología2embne916540 aES-MaACLjG-11492-93 c84305d84305 00104070aATENEOMbATENEOMcSPP3d2008-01-17eSCl0oG-11492-93p1088106r2023-02-23 00:00:00w2023-02-23yMONANT